000
00329nam a22001457a 4500
003
SGT
082
_a
547.7
100
_a
SINGH,JAGDAMBA
245
_a
NATURAL PRODUCTS IN CHEMISTRY
250
_a
6TH
260
_a
MEERUT
_b
PRAGATI PRAKASHAN
_c
2016
300
_a
6TH
650
_a
NATURAL PRODUCTS IN CHEMISTRY
942
_2
ddc
_c
FPS
999
_c
10001
_d
10001